000 00813pam a2200241 a 4500
005 20260322212003.0
008 data
010 _a 94015361
020 _a0679428607 :
_c{dollar}27.50 ({dollar}35.00 Can.)
020 _a9780679428602 :
_c{dollar}27.50 ({dollar}35.00 Can.)
040 _aDLC
_cDLC
_dDLC
050 0 0 _aE843
_b.L43 1994
082 0 0 _aB
_aB
_220
100 1 _aLeamer, Laurence.
245 1 4 _aThe Kennedy women :
_bthe saga of an American family /
_cLaurence Leamer.
250 _a1st ed.
260 _aNew York :
_bVillard Books,
_c1994.
300 _ax, 933 p. :
_bill. ;
_c25 cm.
504 _aIncludes bibliographical references (p. [879]-898) and index.
600 3 0 _aKennedy family.
856 4 2 _3Publisher description
_uhttp://www.loc.gov/catdir/description/random0412/94015361.html
001 data
999 _c22
_d22